000 00701nam a2200289Ia 4500
005 20260324132812.0
008 008 260324s9999 xx 000 0 eng d
020 _a9780429233968
037 _aEBOOK
040 _aCRL
040 _beng
040 _cCRL
041 _2eng
041 _aeng
084 _qCRL
100 _aMichael Simpson
_91190677
245 2 _aA Life of Admiral of the Fleet Andrew Cunningham
245 2 _bA Twentieth Century Naval Leader
260 _bTaylor and Francis
260 _c2004
365 _a
365 _b280
856 _uhttp://www.taylorfrancis.com/books/9780429233968
942 _cEBOOK
999 _c1789097
_d1789097